Cruautés horribles des conquérants du Mexique, et des indiens qui les aidérent à soumettre cet empire à la couronne d'Espagne. Mémoire de Don Fernando d'Alva Ixtlilxochitl; supplément à l'Histoire du Père Sahagun, Publié et dedié au Gouvernement Supreme de la Confédération Mexicaine, par Charles-Marie de Bustamante. mexico, de l'imprimerie du citoyen Alexandre Valdes. 1829
Salvato in:
| Autori principali: | , |
|---|---|
| Natura: | Libro |
| Lingua: | francese |
| Pubblicazione: |
París
Arthus Bertrand, Libraire-éditeur
1837
|
| Edizione: | 1a. ed |
| Serie: | Voyages, Relations et Mémoires originaux pour servirà l'Histoire de la découverte de l'Amérique, 8
|
| Soggetti: | |
| Tags: |
Aggiungi Tag
Nessun Tag, puoi essere il primo ad aggiungerne!!
|
MARC
| LEADER | 00000nam a2200000 a 4500 | ||
|---|---|---|---|
| 001 | UCJ6533 | ||
| 003 | CL-VaPUC | ||
| 008 | 070124e18370000FR |||||||||||||||||fre|d | ||
| 082 | 0 | 4 | |a 910.4 |b TER |2 21 |
| 100 | 0 | |a Ternaux-Compans, H. |e author |9 513345 | |
| 700 | 0 | |a Alva Ixtlilxochitl, Fernando de |e author |9 513346 | |
| 245 | 1 | 0 | |a Cruautés horribles des conquérants du Mexique, et des indiens qui les aidérent à soumettre cet empire à la couronne d'Espagne. Mémoire de Don Fernando d'Alva Ixtlilxochitl; supplément à l'Histoire du Père Sahagun, Publié et dedié au Gouvernement Supreme de la Confédération Mexicaine, par Charles-Marie de Bustamante. mexico, de l'imprimerie du citoyen Alexandre Valdes. 1829 |
| 250 | |a 1a. ed | ||
| 300 | |a 312 p | ||
| 942 | |c BK | ||
| 945 | |d 20070124 00:00:00 |a rinostro | ||
| 260 | |a París |b Arthus Bertrand, Libraire-éditeur |c 1837 | ||
| 650 | 0 | |a Viajes |9 257115 | |
| 650 | 0 | |a Colonización española |9 256592 | |
| 650 | 0 | |a Genealogía |9 255285 | |
| 650 | 7 | |a POESIA AZTECA |2 CL-VaPUC |9 513347 | |
| 650 | 0 | |a Aztecas |9 265930 | |
| 650 | 7 | |a TOLTECAS |2 CL-VaPUC |9 513348 | |
| 650 | 7 | |a DOCUMENTOS |2 CL-VaPUC |9 366450 | |
| 651 | 0 | |a México |9 255269 | |
| 651 | 0 | |a Guatemala |9 258335 | |
| 583 | |a last modification |c 20070124 00:00:00 |k Rodrigo Vera | ||
| 490 | 0 | |a Voyages, Relations et Mémoires originaux pour servirà l'Histoire de la découverte de l'Amérique, 8 | |
| 999 | |c 322636 |d 322634 | ||
| 952 | |0 0 |1 0 |4 0 |6 910_400000000000000_TER_1837 |7 0 |8 X |9 401679 |a FDOBUD |b FDOBUD |d 2019-11-22 |i 1049232 |o 910.4 TER 1837 |p 1049232 |r 2019-11-22 |w 2019-11-22 |y BK_X |k BUD | ||